Národné vízie - priestor - architektúra - umenie : Slovenské národné divadlo

Salvato in:
Dettagli Bibliografici
Natura: Libro
Lingua:slovacco
Pubblicazione: Bratislava : Slovenské národné divadlo, 2008
Soggetti:
Tags: Aggiungi Tag
Nessun Tag, puoi essere il primo ad aggiungerne!!

MARC

LEADER 00000nam a22000003a 4500
001 stu173405
005 20150408163629.8
008 081017s2008----xo------------------slo-d
020 |a 978-80-969195-9-8 
040 |a STU  |b slo 
041 0 |a slo 
044 |a xo 
245 |a Národné vízie - priestor - architektúra - umenie :  |b Slovenské národné divadlo 
260 |a Bratislava :  |b Slovenské národné divadlo,  |c 2008 
300 |a 153 s 
650 7 |a divadlo  |2 stusub 
650 7 |a budovy pre kultúru  |2 stusub 
650 7 |a Slovenské národné divadlo  |2 stusub 
996 |b 284AU05230  |c A*7967 U  |l AAKNAR  |s A  |a 24  |w stu173405_0001